Statistics for NBA 40-Point Games

Click here to take the quiz!

General Stats

  • This quiz has been taken 30 times
  • The average score is 19 of 33

Answer Stats

Points Player % Correct
57LeBron James
100%
60James Harden
89%
49Stephen Curry
89%
47Kyrie Irving
89%
50Kevin Durant
85%
46Russell Westbrook
78%
53Anthony Davis
74%
46Joel Embiid
74%
43Paul George
70%
44Giannis Antetokounmpo
70%
46Devin Booker
70%
52DeMar DeRozan
67%
47Victor Oladipo
63%
50Damian Lillard
63%
44DeMarcus Cousins
63%
56Karl-Anthony Towns
63%
41Donovan Mitchell
59%
50Lou Williams
56%
45LaMarcus Aldridge
56%
40Kyle Lowry
56%
47Kemba Walker
56%
50C.J. McCollum
52%
51Bradley Beal
48%
41Nikola Jokic
48%
40Kristaps Porzingis
48%
40Andrew Wiggins
41%
41Aaron Gordon
41%
43Khris Middleton
26%
41Dennis Schroder
19%
41Nikola Vucevic
19%
41Allen Crabbe
11%
42Trey Burke
7%
40T.J. Warren
4%

Score Distribution

Percentile by Number Answered

Percent of People with Each Score

Your Score History

You have not taken this quiz